| 000 -LEADER |
| fixed length control field |
00514nam a2200169Ia 4500 |
| 082 ## - DEWEY DECIMAL CLASSIFICATION NUMBER |
| Classification number |
R/2CS05 |
| 100 ## - MAIN ENTRY--AUTHOR NAME |
| Personal name |
Durr e Nayab Sadhayo |
| 100 ## - MAIN ENTRY--AUTHOR NAME |
| Personal name |
Roll No. 05CS01 |
| 100 ## - MAIN ENTRY--AUTHOR NAME |
| Personal name |
Supervisor - Engr. Agha Sheeraz A. Khan |
| 245 #0 - TITLE STATEMENT |
| Title |
Simple Video Motion Detection using A forge. NET. |
| 260 ## - PUBLICATION, DISTRIBUTION, ETC. (IMPRINT) |
| Place of publication |
Nawabshah |
| Name of publisher |
QUEST |
| Year of publication |
2009 |
| 300 ## - PHYSICAL DESCRIPTION |
| Number of Pages |
56p |
| 700 ## - ADDED ENTRY--PERSONAL NAME |
| Personal name |
Tariq Rehim Channa (Roll No. 05CS11) |
| 700 ## - ADDED ENTRY--PERSONAL NAME |
| Personal name |
Azhar Rasool Talpur (Roll No. 05CS46) |
| 700 ## - ADDED ENTRY--PERSONAL NAME |
| Personal name |
Mohammad Ali Soomro (Roll No. 05CS10) |
| 942 ## - ADDED ENTRY ELEMENTS (KOHA) |
| Koha item type |
Thesis and Dissertation |